|
|
|
|
| LEADER |
00000nam0a2200000 4500 |
| 001 |
280284 |
| 005 |
20231101235306.0 |
| 035 |
|
|
|a (RuTPU)RU\TPU\book\303593
|
| 090 |
|
|
|a 280284
|
| 100 |
|
|
|a 20141226d1965 k y0rusy50 ca
|
| 101 |
0 |
|
|a rus
|
| 102 |
|
|
|a RU
|
| 105 |
|
|
|a a z 001zy
|
| 200 |
1 |
|
|a Тектоника и зоны нефтегазонакопления Камско-Кинельской системы прогибов
|f М. Ф. Мирчинк [и др.]
|g Академия наук СССР (АН СССР), Институт геологии и разработки горючих ископаемых (ИГиРГИ)
|
| 210 |
|
|
|a Москва
|c Наука
|d 1965
|
| 215 |
|
|
|a 214 с.
|c ил.
|
| 320 |
|
|
|a Библиогр.: с. 204-213.
|
| 606 |
1 |
|
|a Тектоника
|2 stltpush
|3 (RuTPU)RU\TPU\subj\58770
|9 76521
|
| 606 |
1 |
|
|a Нефтегазовые месторождения
|x Геология
|2 stltpush
|3 (RuTPU)RU\TPU\subj\68603
|9 83810
|
| 610 |
1 |
|
|a Камско-Кинельская впадина
|
| 610 |
1 |
|
|a геологическая изученность
|
| 610 |
1 |
|
|a геологическое строение
|
| 610 |
1 |
|
|a девонские отложения
|
| 610 |
1 |
|
|a формации
|
| 610 |
1 |
|
|a перспективы
|
| 610 |
1 |
|
|a нефтегазоносность
|
| 675 |
|
|
|a 551.24
|v 3
|
| 675 |
|
|
|a 553.98
|v 3
|
| 701 |
|
1 |
|a Мирчинк
|b М. Ф.
|
| 701 |
|
1 |
|a Хачатрян
|b Р. О.
|
| 701 |
|
1 |
|a Громека
|b В. И.
|
| 701 |
|
1 |
|a Митрейкин
|b Ю. Б.
|
| 701 |
|
1 |
|a Мкртчян
|b О. М.
|
| 712 |
0 |
2 |
|a Академия наук СССР (АН СССР)
|b Институт геологии и разработки горючих ископаемых (ИГиРГИ)
|c (Москва)
|c (1958-????)
|2 stltpush
|3 (RuTPU)RU\TPU\col\13483
|
| 801 |
|
1 |
|a RU
|b 63413507
|c 20141226
|
| 801 |
|
2 |
|a RU
|b 63413507
|c 20150122
|g RCR
|
| 942 |
|
|
|c BK
|